[Event "World Chess Olympiad 2018"]
[Site "Batumi"]
[Date "2018.10.05"]
[Round "11"]
[Board "4"]
[WhiteFideId "3503054"]
[White "Vazquez Igarza Renier"]
[BlackFideId "13602543"]
[Black "Jojua Davit"]
[Result "1/2-1/2"]
[LiveChessVersion "1.4.8"]
[BlackElo "2590"]
[WhiteElo "2573"]

1. d4 {[%clk 1:30:32]} Nf6 {[%clk 1:30:48]} 2. c4 {[%clk 1:30:10]} g6
{[%clk 1:31:14]} 3. Nf3 {[%clk 1:29:55]} Bg7 {[%clk 1:31:38]} 4. g3
{[%clk 1:30:12]} O-O {[%clk 1:32:00]} 5. Bg2 {[%clk 1:30:36]} d6 {[%clk 1:32:24]}
6. O-O {[%clk 1:30:33]} Nc6 {[%clk 1:32:49]} 7. Nc3 {[%clk 1:30:28]} e5
{[%clk 1:32:58]} 8. dxe5 {[%clk 1:30:07]} dxe5 {[%clk 1:33:19]} 9. Bg5
{[%clk 1:30:05]} Be6 {[%clk 1:33:29]} 10. Qc1 {[%clk 1:29:42]} Qc8
{[%clk 1:32:40]} 11. Rd1 {[%clk 1:28:14]} Re8 {[%clk 1:32:49]} 12. b3
{[%clk 1:08:30]} Bg4 {[%clk 1:16:09]} 13. Bh6 {[%clk 0:49:21]} Bh8
{[%clk 1:07:12]} 14. Be3 {[%clk 0:48:56]} Bh3 {[%clk 0:53:54]} 15. Ng5
{[%clk 0:32:42]} Bxg2 {[%clk 0:52:42]} 16. Kxg2 {[%clk 0:33:10]} Qf5
{[%clk 0:40:15]} 17. Nd5 {[%clk 0:28:50]} Rac8 {[%clk 0:33:34]} 18. Nf3
{[%clk 0:25:27]} e4 {[%clk 0:27:53]} 19. Nd4 {[%clk 0:24:05]} Nxd4
{[%clk 0:27:02]} 20. Bxd4 {[%clk 0:23:56]} Nxd5 {[%clk 0:24:44]} 21. cxd5
{[%clk 0:23:02]} Bxd4 {[%clk 0:22:30]} 22. Rxd4 {[%clk 0:23:22]} c6
{[%clk 0:21:51]} 23. d6 {[%clk 0:17:09]} Rcd8 {[%clk 0:18:22]} 24. Qc4
{[%clk 0:15:47]} Rd7 {[%clk 0:17:44]} 25. Rad1 {[%clk 0:15:06]} Qe5
{[%clk 0:17:06]} 26. b4 {[%clk 0:14:49]} Re6 {[%clk 0:14:00]} 27. Qc5
{[%clk 0:09:03]} Qxc5 {[%clk 0:13:42]} 28. bxc5 {[%clk 0:09:32]} b6
{[%clk 0:14:00]} 29. Ra4 {[%clk 0:05:14]} bxc5 {[%clk 0:13:24]} 30. Rxa7
{[%clk 0:05:41]} Rxa7 {[%clk 0:07:58]} 31. d7 {[%clk 0:06:09]} Rxd7
{[%clk 0:08:21]} 32. Rxd7 {[%clk 0:06:35]} Re8 {[%clk 0:08:47]} 33. Ra7
{[%clk 0:05:20]} Rb8 {[%clk 0:08:52]} 34. Ra6 {[%clk 0:04:58]} Rb2
{[%clk 0:08:16]} 35. e3 {[%clk 0:05:09]} h5 {[%clk 0:07:58]} 36. h3
{[%clk 0:05:09]} Kg7 {[%clk 0:06:29]} 37. g4 {[%clk 0:05:03]} hxg4
{[%clk 0:04:04]} 38. hxg4 {[%clk 0:05:32]} Kh6 {[%clk 0:04:26]} 39. Kg3
{[%clk 0:05:26]} Kg5 {[%clk 0:04:33]} 40. Rxc6 {[%clk 0:35:42]} Rxa2
{[%clk 0:34:45]} 41. Rxc5+ {[%clk 0:36:00]} f5 {[%clk 0:34:41]} 42. gxf5 1/2-1/2

[Event "World Chess Olympiad 2018"]
[Site "Batumi"]
[Date "2018.10.05"]
[Round "11"]
[Board "1"]
[WhiteFideId "4900847"]
[White "Batchuluun Tsegmed"]
[BlackFideId "24116068"]
[Black "Giri Anish"]
[Result "1/2-1/2"]
[LiveChessVersion "1.4.8"]
[BlackElo "2780"]
[WhiteElo "2570"]

1. d4 {[%clk 1:30:57]} e6 {[%clk 1:30:58]} 2. c4 {[%clk 1:30:18]} b6
{[%clk 1:31:20]} 3. Nf3 {[%clk 1:25:52]} Bb7 {[%clk 1:31:28]} 4. g3
{[%clk 1:25:56]} Bb4+ {[%clk 1:31:16]} 5. Bd2 {[%clk 1:24:37]} Bxf3
{[%clk 1:30:47]} 6. exf3 {[%clk 1:25:02]} Bxd2+ {[%clk 1:31:14]} 7. Qxd2
{[%clk 1:25:24]} Nf6 {[%clk 1:31:40]} 8. Bg2 {[%clk 1:25:47]} d5 {[%clk 1:30:54]}
9. f4 {[%clk 1:24:42]} Nc6 {[%clk 1:30:49]} 10. Nc3 {[%clk 1:24:20]} Ne7
{[%clk 1:31:05]} 11. O-O {[%clk 1:21:35]} c6 {[%clk 1:24:50]} 12. cxd5
{[%clk 1:16:22]} cxd5 {[%clk 1:24:26]} 13. Rfc1 {[%clk 1:14:27]} O-O
{[%clk 1:24:24]} 14. Rc2 {[%clk 1:11:29]} Qd7 {[%clk 1:24:03]} 15. Rac1
{[%clk 1:11:47]} Rfc8 {[%clk 1:24:10]} 16. Bf1 {[%clk 1:04:50]} a6
{[%clk 1:11:29]} 17. Bd3 {[%clk 1:02:53]} g6 {[%clk 1:07:38]} 18. Ne2
{[%clk 0:59:00]} Rxc2 {[%clk 1:07:27]} 19. Rxc2 {[%clk 0:59:07]} a5
{[%clk 1:07:36]} 20. Qc1 {[%clk 0:58:25]} Rc8 {[%clk 1:07:27]} 21. Rxc8+
{[%clk 0:58:42]} Nxc8 {[%clk 1:07:35]} 22. Kg2 {[%clk 0:51:52]} Ne7
{[%clk 0:59:27]} 23. Qc2 {[%clk 0:48:54]} Nf5 {[%clk 0:58:35]} 24. Bxf5
{[%clk 0:44:38]} exf5 {[%clk 0:57:50]} 25. Ng1 {[%clk 0:42:55]} Ne4
{[%clk 0:55:58]} 26. Nf3 {[%clk 0:43:07]} f6 {[%clk 0:56:22]} 27. a4
{[%clk 0:42:03]} Kf7 {[%clk 0:56:06]} 28. b3 {[%clk 0:41:25]} h6 {[%clk 0:56:06]}
29. h4 {[%clk 0:41:50]} h5 {[%clk 0:56:04]} 30. Ne1 {[%clk 0:41:57]} Nd6
{[%clk 0:55:35]} 31. Nf3 {[%clk 0:38:11]} Nc8 {[%clk 0:54:37]} 32. Ne1
{[%clk 0:33:21]} Ne7 {[%clk 0:54:04]} 33. f3 {[%clk 0:33:18]} Nc6
{[%clk 0:52:44]} 34. Qc3 {[%clk 0:33:30]} Qd6 {[%clk 0:51:08]} 35. Nc2
{[%clk 0:33:19]} Ke7 {[%clk 0:50:45]} 36. Qd3 {[%clk 0:30:10]} Nb4
{[%clk 0:48:47]} 1/2-1/2

[Event "World Chess Olympiad 2018"]
[Site "Batumi"]
[Date "2018.10.05"]
[Round "11"]
[Board "2"]
[WhiteFideId "1007998"]
[White "L'Ami Erwin"]
[BlackFideId "4901541"]
[Black "Bilguun Sumiya"]
[Result "1/2-1/2"]
[LiveChessVersion "1.4.8"]
[BlackElo "2489"]
[WhiteElo "2639"]

1. c4 {[%clk 1:30:56]} e6 {[%clk 1:30:48]} 2. Nf3 {[%clk 1:31:03]} d5
{[%clk 1:31:08]} 3. g3 {[%clk 1:31:14]} Nf6 {[%clk 1:31:08]} 4. Bg2
{[%clk 1:31:15]} dxc4 {[%clk 1:31:27]} 5. Qa4+ {[%clk 1:31:31]} c6
{[%clk 1:31:41]} 6. Qxc4 {[%clk 1:31:51]} b5 {[%clk 1:31:40]} 7. Qc2
{[%clk 1:30:15]} Bb7 {[%clk 1:31:47]} 8. b3 {[%clk 1:29:47]} Nbd7
{[%clk 1:27:25]} 9. Bb2 {[%clk 1:29:32]} Be7 {[%clk 1:25:28]} 10. O-O
{[%clk 1:28:39]} c5 {[%clk 1:21:35]} 11. Nc3 {[%clk 1:27:26]} a6 {[%clk 1:18:22]}
12. a4 {[%clk 1:23:30]} Rb8 {[%clk 0:59:55]} 13. axb5 {[%clk 1:18:58]} axb5
{[%clk 0:56:59]} 14. d4 {[%clk 1:11:40]} Qb6 {[%clk 0:48:10]} 15. e3
{[%clk 1:04:01]} O-O {[%clk 0:43:43]} 16. Qe2 {[%clk 1:02:41]} Rfc8
{[%clk 0:40:22]} 17. Rfd1 {[%clk 0:59:32]} h6 {[%clk 0:34:14]} 18. Qf1
{[%clk 0:56:18]} cxd4 {[%clk 0:28:35]} 19. Nxd4 {[%clk 0:56:24]} Bxg2
{[%clk 0:28:43]} 20. Qxg2 {[%clk 0:56:13]} Nc5 {[%clk 0:28:20]} 21. b4
{[%clk 0:46:40]} Na6 {[%clk 0:22:35]} 22. Ncxb5 {[%clk 0:40:01]} Nxb4
{[%clk 0:20:04]} 23. Ba3 {[%clk 0:32:38]} Nfd5 {[%clk 0:16:58]} 24. Bxb4
{[%clk 0:29:20]} Bxb4 {[%clk 0:14:38]} 25. Rac1 {[%clk 0:23:33]} Bc3
{[%clk 0:07:22]} 26. Qf1 {[%clk 0:18:56]} Bxd4 {[%clk 0:06:51]} 27. Nxd4
{[%clk 0:19:09]} Nc3 {[%clk 0:06:06]} 28. Re1 {[%clk 0:18:40]} e5
{[%clk 0:05:18]} 29. Ne2 {[%clk 0:16:16]} Nxe2+ {[%clk 0:05:41]} 30. Qxe2
{[%clk 0:16:41]} Rxc1 {[%clk 0:06:03]} 31. Rxc1 {[%clk 0:17:08]} g6
{[%clk 0:06:11]} 1/2-1/2

[Event "World Chess Olympiad 2018"]
[Site "Batumi"]
[Date "2018.10.05"]
[Round "11"]
[Board "3"]
[WhiteFideId "4900880"]
[White "Battulga Namkhai"]
[BlackFideId "1000268"]
[Black "Van Wely Loek"]
[Result "1-0"]
[LiveChessVersion "1.4.8"]
[BlackElo "2642"]
[WhiteElo "2421"]

1. e4 {[%clk 1:30:57]} c5 {[%clk 1:30:51]} 2. Nf3 {[%clk 1:31:12]} e6
{[%clk 1:31:14]} 3. d4 {[%clk 1:31:20]} cxd4 {[%clk 1:31:37]} 4. Nxd4
{[%clk 1:31:46]} Nc6 {[%clk 1:31:56]} 5. Nxc6 {[%clk 1:30:03]} bxc6
{[%clk 1:32:18]} 6. Bd3 {[%clk 1:30:20]} d5 {[%clk 1:23:21]} 7. O-O
{[%clk 1:30:13]} Nf6 {[%clk 1:23:02]} 8. Nd2 {[%clk 1:30:15]} Be7
{[%clk 1:19:59]} 9. Re1 {[%clk 1:21:49]} Bb7 {[%clk 1:18:03]} 10. e5
{[%clk 1:16:01]} Nd7 {[%clk 1:17:51]} 11. b3 {[%clk 1:15:13]} a5 {[%clk 1:11:33]}
12. Qg4 {[%clk 1:09:16]} g6 {[%clk 1:09:22]} 13. Nf3 {[%clk 1:05:35]} a4
{[%clk 1:00:58]} 14. Bh6 {[%clk 1:01:06]} Qa5 {[%clk 0:49:22]} 15. Bd2
{[%clk 0:57:00]} Qa7 {[%clk 0:43:16]} 16. b4 {[%clk 0:52:56]} c5 {[%clk 0:32:12]}
17. a3 {[%clk 0:46:40]} Ba6 {[%clk 0:26:58]} 18. Qf4 {[%clk 0:22:15]} h6
{[%clk 0:24:14]} 19. h4 {[%clk 0:22:33]} Bxd3 {[%clk 0:23:17]} 20. cxd3
{[%clk 0:23:01]} Qa6 {[%clk 0:23:29]} 21. Qe3 {[%clk 0:20:55]} g5
{[%clk 0:20:28]} 22. Rec1 {[%clk 0:16:56]} g4 {[%clk 0:19:59]} 23. Nh2
{[%clk 0:17:09]} cxb4 {[%clk 0:15:08]} 24. Bxb4 {[%clk 0:16:17]} Bxb4
{[%clk 0:14:30]} 25. axb4 {[%clk 0:16:45]} h5 {[%clk 0:14:51]} 26. Nf1
{[%clk 0:13:50]} Qb5 {[%clk 0:13:17]} 27. Qf4 {[%clk 0:11:07]} d4
{[%clk 0:10:41]} 28. Re1 {[%clk 0:10:34]} Qxb4 {[%clk 0:07:46]} 29. Nd2
{[%clk 0:07:46]} Nb6 {[%clk 0:06:47]} 30. Qf6 {[%clk 0:05:13]} Rg8
{[%clk 0:06:26]} 31. Ne4 {[%clk 0:05:36]} Nd5 {[%clk 0:05:59]} 32. Qh6
{[%clk 0:05:59]} Qf8 {[%clk 0:01:52]} 33. Qc1 {[%clk 0:04:10]} Kd7
{[%clk 0:01:25]} 34. Qc4 {[%clk 0:03:24]} Qb8 {[%clk 0:00:50]} 35. Qxd4
{[%clk 0:02:21]} Rd8 {[%clk 0:00:51]} 36. Rab1 {[%clk 0:01:59]} Qa7
{[%clk 0:00:45]} 37. Rb7+ {[%clk 0:01:31]} Qxb7 {[%clk 0:01:10]} 38. Nc5+
{[%clk 0:01:58]} Kc8 {[%clk 0:01:22]} 39. Nxb7 {[%clk 0:02:22]} Kxb7
{[%clk 0:01:46]} 40. Qc5 {[%clk 0:30:34]} Ra6 {[%clk 0:30:56]} 41. Qb5+
{[%clk 0:28:27]} Nb6 {[%clk 0:23:50]} 42. Rc1 {[%clk 0:28:45]} Rd7
{[%clk 0:22:45]} 43. Qc6+ {[%clk 0:24:22]} Ka7 {[%clk 0:21:11]} 44. Rb1
{[%clk 0:24:24]} Rb7 {[%clk 0:21:13]} 45. Qc5 {[%clk 0:24:30]} Kb8
{[%clk 0:19:38]} 46. Qd6+ {[%clk 0:23:18]} Ka7 {[%clk 0:17:21]} 47. Qb4
{[%clk 0:22:18]} a3 {[%clk 0:14:43]} 48. Ra1 {[%clk 0:22:29]} a2 {[%clk 0:15:03]}
49. Qd2 {[%clk 0:22:11]} Nc4 {[%clk 0:14:27]} 50. dxc4 {[%clk 0:22:40]} Rb1+
{[%clk 0:14:49]} 51. Kh2 {[%clk 0:23:08]} Rxa1 {[%clk 0:15:08]} 52. Qd4+
{[%clk 0:23:36]} Kb7 {[%clk 0:15:24]} 53. Qxa1 {[%clk 0:23:28]} Kc6
{[%clk 0:15:25]} 54. Kg3 {[%clk 0:23:45]} Kc5 {[%clk 0:15:08]} 55. Kf4
{[%clk 0:24:08]} Ra8 {[%clk 0:13:44]} 56. Kg5 {[%clk 0:18:34]} Kxc4
{[%clk 0:13:46]} 57. Kxh5 {[%clk 0:18:59]} Kb3 {[%clk 0:13:59]} 58. Qd1+
{[%clk 0:16:28]} Kb2 {[%clk 0:12:41]} 59. Qd4+ {[%clk 0:16:24]} Kc2
{[%clk 0:12:46]} 1-0

[Event "World Chess Olympiad 2018"]
[Site "Batumi"]
[Date "2018.10.05"]
[Round "11"]
[Board "4"]
[WhiteFideId "1039784"]
[White "Van Foreest Jorden"]
[BlackFideId "4900774"]
[Black "Nasanjargal Urtnasan"]
[Result "1/2-1/2"]
[LiveChessVersion "1.4.8"]
[BlackElo "2470"]
[WhiteElo "2624"]

1. e4 {[%clk 1:30:53]} c5 {[%clk 1:30:48]} 2. Nf3 {[%clk 1:30:55]} d6
{[%clk 1:30:43]} 3. d4 {[%clk 1:30:41]} cxd4 {[%clk 1:31:03]} 4. Nxd4
{[%clk 1:31:04]} Nf6 {[%clk 1:31:24]} 5. Nc3 {[%clk 1:31:27]} a6 {[%clk 1:31:41]}
6. Be2 {[%clk 1:29:02]} e5 {[%clk 1:29:32]} 7. Nf3 {[%clk 1:29:14]} Qc7
{[%clk 1:27:41]} 8. Nd2 {[%clk 1:25:33]} Be6 {[%clk 1:25:12]} 9. Nf1
{[%clk 1:25:07]} Nbd7 {[%clk 1:25:23]} 10. Ne3 {[%clk 1:18:48]} Rc8
{[%clk 1:24:36]} 11. O-O {[%clk 1:18:19]} Be7 {[%clk 1:22:26]} 12. a4
{[%clk 1:14:42]} O-O {[%clk 1:22:11]} 13. h3 {[%clk 1:10:27]} Rfe8
{[%clk 1:21:13]} 14. Bg4 {[%clk 1:00:56]} Qc6 {[%clk 1:18:35]} 15. Qf3
{[%clk 0:45:45]} Nc5 {[%clk 1:16:48]} 16. Bf5 {[%clk 0:40:41]} g6
{[%clk 1:00:24]} 17. Bxe6 {[%clk 0:07:49]} fxe6 {[%clk 1:00:20]} 18. Ng4
{[%clk 0:03:02]} Rf8 {[%clk 1:00:03]} 19. Bh6 {[%clk 0:02:56]} Rf7
{[%clk 1:00:23]} 20. Be3 {[%clk 0:03:23]} Rff8 {[%clk 0:58:00]} 21. Bh6
{[%clk 0:03:50]} Rf7 {[%clk 0:58:20]} 22. Be3 {[%clk 0:04:19]} Rff8
{[%clk 0:58:26]} 1/2-1/2

[Event "World Chess Olympiad 2018"]
[Site "Batumi"]
[Date "2018.10.05"]
[Round "11"]
[Board "1"]
[WhiteFideId "13602934"]
[White "Paichadze Luka"]
[BlackFideId "12539929"]
[Black "Maghsoodloo Parham"]
[Result "1/2-1/2"]
[LiveChessVersion "1.4.8"]
[BlackElo "2649"]
[WhiteElo "2564"]

1. e4 {[%clk 1:30:58]} c5 {[%clk 1:30:54]} 2. Nf3 {[%clk 1:30:36]} Nc6
{[%clk 1:31:15]} 3. c3 {[%clk 1:29:31]} Nf6 {[%clk 1:31:31]} 4. e5
{[%clk 1:29:51]} Nd5 {[%clk 1:31:55]} 5. d4 {[%clk 1:30:19]} cxd4
{[%clk 1:32:06]} 6. cxd4 {[%clk 1:30:45]} d6 {[%clk 1:31:41]} 7. Bc4
{[%clk 1:30:34]} e6 {[%clk 1:31:31]} 8. O-O {[%clk 1:30:26]} Be7 {[%clk 1:31:55]}
9. Qe2 {[%clk 1:29:53]} O-O {[%clk 1:32:05]} 10. Rd1 {[%clk 1:30:18]} b6
{[%clk 1:30:14]} 11. Bxd5 {[%clk 1:24:49]} exd5 {[%clk 1:30:37]} 12. Nc3
{[%clk 1:25:16]} Nb4 {[%clk 1:22:28]} 13. a3 {[%clk 1:12:24]} Ba6
{[%clk 1:22:50]} 14. Qd2 {[%clk 1:12:43]} Nd3 {[%clk 1:22:59]} 15. Qe3
{[%clk 1:08:58]} dxe5 {[%clk 1:23:22]} 16. Nxe5 {[%clk 1:03:15]} Nxc1
{[%clk 1:14:18]} 17. Raxc1 {[%clk 1:02:48]} Rc8 {[%clk 1:13:28]} 18. Re1
{[%clk 1:00:41]} Bg5 {[%clk 1:06:23]} 19. f4 {[%clk 1:00:52]} Bh4
{[%clk 1:06:46]} 20. Red1 {[%clk 0:58:54]} Qd6 {[%clk 0:55:14]} 21. Qf3
{[%clk 0:53:45]} Rcd8 {[%clk 0:52:12]} 22. Na2 {[%clk 0:51:58]} Bb5
{[%clk 0:37:14]} 23. Nb4 {[%clk 0:47:03]} Ba4 {[%clk 0:37:20]} 24. b3
{[%clk 0:43:43]} Be8 {[%clk 0:37:19]} 25. Nc2 {[%clk 0:39:00]} Be7
{[%clk 0:36:58]} 26. Ne3 {[%clk 0:37:37]} g6 {[%clk 0:36:08]} 27. a4
{[%clk 0:33:43]} f6 {[%clk 0:36:25]} 28. Nd3 {[%clk 0:34:04]} Bf7
{[%clk 0:36:49]} 29. f5 {[%clk 0:32:49]} g5 {[%clk 0:27:24]} 30. Ng4
{[%clk 0:29:34]} Kg7 {[%clk 0:27:40]} 31. Re1 {[%clk 0:28:26]} Rc8
{[%clk 0:23:22]} 32. h4 {[%clk 0:24:18]} h5 {[%clk 0:16:01]} 33. Ne3
{[%clk 0:21:54]} g4 {[%clk 0:16:10]} 34. Qf2 {[%clk 0:22:19]} Rxc1
{[%clk 0:16:28]} 35. Rxc1 {[%clk 0:22:42]} Qa3 {[%clk 0:16:51]} 36. Rc7
{[%clk 0:19:26]} Bd6 {[%clk 0:14:30]} 37. Rd7 {[%clk 0:19:23]} Re8
{[%clk 0:14:27]} 38. Nf1 {[%clk 0:17:20]} Qxb3 {[%clk 0:13:09]} 39. Nf4
{[%clk 0:10:08]} Bxf4 {[%clk 0:13:31]} 40. Qxf4 {[%clk 0:40:34]} Qxa4
{[%clk 0:40:38]} 41. Rb7 {[%clk 0:39:11]} Qb4 {[%clk 0:35:38]} 42. Ng3
{[%clk 0:30:43]} Re7 {[%clk 0:35:02]} 43. Rb8 {[%clk 0:31:06]} Qc3
{[%clk 0:28:56]} 44. Kh2 {[%clk 0:24:50]} Qc7 {[%clk 0:27:59]} 45. Qxc7
{[%clk 0:24:07]} Rxc7 {[%clk 0:28:23]} 46. Ne2 {[%clk 0:24:35]} Re7
{[%clk 0:24:39]} 47. Nf4 {[%clk 0:24:56]} a5 {[%clk 0:23:04]} 48. Rxb6
{[%clk 0:25:19]} Ra7 {[%clk 0:23:29]} 49. Rb3 {[%clk 0:25:11]} a4
{[%clk 0:23:37]} 50. Ra3 {[%clk 0:25:37]} Kf8 {[%clk 0:23:43]} 51. Kg3
{[%clk 0:21:30]} Ke7 {[%clk 0:21:05]} 52. Kf2 {[%clk 0:21:38]} Kd6
{[%clk 0:21:30]} 53. Ke2 {[%clk 0:21:56]} Kc6 {[%clk 0:20:31]} 54. Kd2
{[%clk 0:21:54]} Kb5 {[%clk 0:20:55]} 55. Nd3 {[%clk 0:17:04]} Kc4
{[%clk 0:18:22]} 56. Rc3+ {[%clk 0:14:21]} Kxd4 {[%clk 0:17:02]} 57. Rc1
{[%clk 0:14:37]} Be8 {[%clk 0:15:55]} 58. Rb1 {[%clk 0:14:14]} Rc7
{[%clk 0:15:49]} 59. Rf1 {[%clk 0:14:13]} Re7 {[%clk 0:09:31]} 1/2-1/2

[Event "World Chess Olympiad 2018"]
[Site "Batumi"]
[Date "2018.10.05"]
[Round "11"]
[Board "2"]
[WhiteFideId "12510130"]
[White "Idani Pouya"]
[BlackFideId "13602276"]
[Black "Maghalashvili Davit"]
[Result "1-0"]
[LiveChessVersion "1.4.8"]
[BlackElo "2508"]
[WhiteElo "2589"]

1. e4 {[%clk 1:30:57]} e6 {[%clk 1:30:54]} 2. d4 {[%clk 1:31:23]} d5
{[%clk 1:31:20]} 3. Nc3 {[%clk 1:31:48]} dxe4 {[%clk 1:31:44]} 4. Nxe4
{[%clk 1:32:12]} Nd7 {[%clk 1:32:09]} 5. Nf3 {[%clk 1:32:22]} Ngf6
{[%clk 1:32:33]} 6. Bg5 {[%clk 1:32:03]} h6 {[%clk 1:32:11]} 7. Nxf6+
{[%clk 1:32:27]} Nxf6 {[%clk 1:32:37]} 8. Bxf6 {[%clk 1:31:49]} Qxf6
{[%clk 1:32:56]} 9. Bb5+ {[%clk 1:32:16]} c6 {[%clk 1:32:56]} 10. Bd3
{[%clk 1:32:43]} Bd7 {[%clk 1:30:17]} 11. Qe2 {[%clk 1:30:17]} Bd6
{[%clk 1:25:50]} 12. O-O {[%clk 1:30:24]} c5 {[%clk 1:09:44]} 13. Bb5
{[%clk 1:16:38]} cxd4 {[%clk 0:55:59]} 14. Bxd7+ {[%clk 1:16:03]} Kxd7
{[%clk 0:56:26]} 15. Rad1 {[%clk 1:02:02]} Rad8 {[%clk 0:50:03]} 16. Qc4
{[%clk 0:58:56]} Ke7 {[%clk 0:47:03]} 17. Rxd4 {[%clk 0:58:11]} Qf5
{[%clk 0:43:22]} 18. Rfd1 {[%clk 0:48:46]} Bc5 {[%clk 0:31:27]} 19. g4
{[%clk 0:49:07]} Rxd4 {[%clk 0:31:41]} 20. Rxd4 {[%clk 0:49:33]} Qxf3
{[%clk 0:31:58]} 21. Qxc5+ {[%clk 0:49:59]} Kf6 {[%clk 0:32:19]} 22. Qh5
{[%clk 0:49:20]} g5 {[%clk 0:12:34]} 23. h4 {[%clk 0:47:16]} Ke5 {[%clk 0:10:39]}
24. c3 {[%clk 0:44:20]} f6 {[%clk 0:05:59]} 25. hxg5 {[%clk 0:38:48]} fxg5
{[%clk 0:06:22]} 26. Qg6 {[%clk 0:39:13]} 1-0

[Event "World Chess Olympiad 2018"]
[Site "Batumi"]
[Date "2018.10.05"]
[Round "11"]
[Board "3"]
[WhiteFideId "13602608"]
[White "Sanikidze Tornike"]
[BlackFideId "12521213"]
[Black "Tabatabaei M.amin"]
[Result "1-0"]
[LiveChessVersion "1.4.8"]
[BlackElo "2576"]
[WhiteElo "2497"]

1. d4 {[%clk 1:30:54]} Nf6 {[%clk 1:30:54]} 2. c4 {[%clk 1:31:13]} e6
{[%clk 1:31:20]} 3. Nf3 {[%clk 1:31:35]} b6 {[%clk 1:31:46]} 4. a3
{[%clk 1:31:57]} Bb7 {[%clk 1:32:12]} 5. Nc3 {[%clk 1:32:17]} d5 {[%clk 1:32:37]}
6. cxd5 {[%clk 1:32:41]} Nxd5 {[%clk 1:33:01]} 7. e3 {[%clk 1:30:50]} Be7
{[%clk 1:33:19]} 8. Bb5+ {[%clk 1:31:15]} c6 {[%clk 1:33:43]} 9. Bd3
{[%clk 1:31:41]} Nxc3 {[%clk 1:34:02]} 10. bxc3 {[%clk 1:32:07]} O-O
{[%clk 1:34:21]} 11. O-O {[%clk 1:32:24]} c5 {[%clk 1:34:46]} 12. e4
{[%clk 1:32:50]} cxd4 {[%clk 1:35:09]} 13. cxd4 {[%clk 1:33:16]} Nc6
{[%clk 1:35:33]} 14. Be3 {[%clk 1:33:37]} Rc8 {[%clk 1:32:19]} 15. Qe2
{[%clk 1:29:55]} Na5 {[%clk 1:29:36]} 16. Rfe1 {[%clk 1:30:23]} Qc7
{[%clk 1:17:42]} 17. a4 {[%clk 1:20:19]} Rfd8 {[%clk 1:16:40]} 18. h4
{[%clk 1:13:07]} h6 {[%clk 1:14:27]} 19. h5 {[%clk 1:07:23]} Bd6 {[%clk 1:10:30]}
20. Rac1 {[%clk 1:01:04]} Qd7 {[%clk 1:06:42]} 21. Bb5 {[%clk 0:55:19]} Qe7
{[%clk 1:04:51]} 22. Rxc8 {[%clk 0:53:10]} Rxc8 {[%clk 1:05:04]} 23. Rc1
{[%clk 0:53:24]} Rxc1+ {[%clk 1:04:49]} 24. Bxc1 {[%clk 0:53:50]} Qc7
{[%clk 1:03:55]} 25. Bb2 {[%clk 0:53:27]} Be7 {[%clk 0:58:52]} 26. Ne5
{[%clk 0:49:53]} Bf6 {[%clk 0:57:12]} 27. Ng4 {[%clk 0:44:39]} Be7
{[%clk 0:57:14]} 28. d5 {[%clk 0:36:27]} exd5 {[%clk 0:56:53]} 29. exd5
{[%clk 0:36:24]} Bxd5 {[%clk 0:56:27]} 30. Nxh6+ {[%clk 0:36:22]} gxh6
{[%clk 0:51:14]} 31. Qg4+ {[%clk 0:36:35]} Bg5 {[%clk 0:51:39]} 32. Qd4
{[%clk 0:37:00]} f6 {[%clk 0:52:02]} 33. Qxd5+ {[%clk 0:36:56]} Qf7
{[%clk 0:51:52]} 34. Qd3 {[%clk 0:06:23]} Qxh5 {[%clk 0:47:32]} 35. f4
{[%clk 0:06:41]} Bh4 {[%clk 0:47:32]} 36. g3 {[%clk 0:06:54]} a6 {[%clk 0:44:02]}
37. Bxa6 {[%clk 0:07:10]} Qg4 {[%clk 0:41:49]} 38. Kh2 {[%clk 0:07:04]} Kh8
{[%clk 0:39:40]} 39. Qd8+ {[%clk 0:05:44]} Kg7 {[%clk 0:40:03]} 40. Qc7+
{[%clk 0:36:08]} Kh8 {[%clk 1:09:14]} 41. Qc8+ {[%clk 0:36:00]} Qxc8
{[%clk 1:09:38]} 42. Bxc8 {[%clk 0:36:29]} Nc4 {[%clk 1:10:01]} 43. Bd4
{[%clk 0:36:21]} Nd2 {[%clk 1:09:43]} 44. Kg2 {[%clk 0:36:50]} 1-0

[Event "World Chess Olympiad 2018"]
[Site "Batumi"]
[Date "2018.10.05"]
[Round "11"]
[Board "1"]
[WhiteFideId "12800112"]
[White "Sulskis Sarunas"]
[BlackFideId "112275"]
[Black "Mareco Sandro"]
[Result "1/2-1/2"]
[LiveChessVersion "1.4.8"]
[BlackElo "2649"]
[WhiteElo "2525"]

1. c4 {[%clk 1:30:54]} e5 {[%clk 1:30:55]} 2. Nc3 {[%clk 1:31:16]} Bb4
{[%clk 1:31:05]} 3. Nd5 {[%clk 1:29:25]} Bc5 {[%clk 1:31:30]} 4. e3
{[%clk 1:28:03]} Nf6 {[%clk 1:29:40]} 5. Ne2 {[%clk 1:24:44]} Nxd5
{[%clk 1:15:09]} 6. cxd5 {[%clk 1:25:05]} O-O {[%clk 1:13:00]} 7. g3
{[%clk 1:17:50]} d6 {[%clk 1:12:59]} 8. Bg2 {[%clk 1:18:13]} Bg4 {[%clk 1:12:21]}
9. h3 {[%clk 1:13:40]} Bh5 {[%clk 1:12:39]} 10. g4 {[%clk 1:06:00]} Bg6
{[%clk 1:12:58]} 11. Ng3 {[%clk 1:06:11]} Nd7 {[%clk 1:09:51]} 12. d3
{[%clk 1:02:43]} Qh4 {[%clk 1:07:44]} 13. Be4 {[%clk 0:55:59]} Nf6
{[%clk 0:59:47]} 14. Bd2 {[%clk 0:52:52]} Rab8 {[%clk 0:50:24]} 15. Rc1
{[%clk 0:50:41]} Rbd8 {[%clk 0:20:02]} 16. b4 {[%clk 0:45:51]} Bb6
{[%clk 0:20:28]} 17. a4 {[%clk 0:46:17]} c6 {[%clk 0:17:48]} 18. dxc6
{[%clk 0:44:54]} bxc6 {[%clk 0:18:06]} 19. Rxc6 {[%clk 0:44:59]} Nxe4
{[%clk 0:15:52]} 20. dxe4 {[%clk 0:45:11]} Qe7 {[%clk 0:16:15]} 21. Qc2
{[%clk 0:43:18]} Qd7 {[%clk 0:16:03]} 22. O-O {[%clk 0:41:00]} Bc5
{[%clk 0:15:12]} 23. b5 {[%clk 0:40:43]} h5 {[%clk 0:15:03]} 24. Nf5
{[%clk 0:34:48]} hxg4 {[%clk 0:14:13]} 25. hxg4 {[%clk 0:35:12]} Rc8
{[%clk 0:14:05]} 26. Rxc8 {[%clk 0:32:06]} Rxc8 {[%clk 0:14:31]} 27. Qd3
{[%clk 0:32:04]} Bxf5 {[%clk 0:14:36]} 28. exf5 {[%clk 0:30:50]} d5
{[%clk 0:14:40]} 29. Rc1 {[%clk 0:28:31]} e4 {[%clk 0:13:01]} 30. Qc2
{[%clk 0:24:41]} Rc7 {[%clk 0:13:21]} 31. Qd1 {[%clk 0:24:28]} Bb6
{[%clk 0:08:57]} 32. Bb4 {[%clk 0:16:31]} Rxc1 {[%clk 0:07:27]} 33. Qxc1
{[%clk 0:16:55]} Qd8 {[%clk 0:07:47]} 34. Kg2 {[%clk 0:10:25]} d4
{[%clk 0:05:09]} 35. a5 {[%clk 0:04:49]} Bxa5 {[%clk 0:04:25]} 36. Bxa5
{[%clk 0:04:55]} Qxa5 {[%clk 0:04:38]} 37. Qc6 {[%clk 0:03:17]} dxe3
{[%clk 0:04:02]} 38. Qe8+ {[%clk 0:02:22]} Kh7 {[%clk 0:04:23]} 39. Qxf7
{[%clk 0:32:34]} Qd2 {[%clk 0:33:51]} 40. Qg6+ {[%clk 0:31:47]} Kg8
{[%clk 0:34:17]} 41. Qe8+ {[%clk 0:30:31]} Kh7 {[%clk 0:34:42]} 42. Qh5+
{[%clk 0:30:38]} 1/2-1/2